=LDR 00000nam 2200000 4500 =001 INLIS000000000011187 =005 20130612102757 =008 ***********************************Ind** =035 ##$$0010-061300000011187 =041 ##$$a Ind =082 ##$$a 372.7 =090 ##$$a 372.7, Sud m =100 ##$$a Sudjarmo =245 ##$$a Matematika (CBSA) 5B, Untuk SD kelas 5, Drs.Soedjarno; p.Ananta =260 ##$$a 1989 $b Klaten =300 ##$$a V-129 hlm, ilmu, 21 cm =850 ##$$a NBPNMAT